<The> Implementation of complex information systems

Na minha lista:
Detalhes bibliográficos
Autor principal: Wessel, Andrew E.
Formato: Livro
Idioma:inglês
Publicado em: New York Wiley 1979
Tags: Adicionar Tag
Sem tags, seja o primeiro a adicionar uma tag!

MARC

LEADER 00000nam a2200000 4500
001 c140390
005 20041019155318.8
041 0 |a eng 
044 |a US 
245 1 0 |a <The> Implementation of complex information systems  |c Andrew E. Wessel 
264 1 |a New York  |b Wiley  |c 1979 
300 |a 236 s. 
100 1 |a Wessel, Andrew E.